[Event "Portugalete Bizkaia-ch U16"]
[Site "Portugalete"]
[Date "2017.12.27"]
[Round "1.5"]
[White "Gonzalez Marcos, Iker"]
[Black "Martin Ibisate, Xabier"]
[Result "1-0"]
[WhiteElo "1642"]
[BlackElo "1787"]
[PlyCount "59"]
[EventDate "2017.12.27"]
[EventType "swiss"]
[EventRounds "5"]
[EventCountry "ESP"]
[SourceTitle "EXT 2024"]
[Source "ChessBase"]
[SourceDate "2023.10.10"]
[SourceVersion "1"]
[SourceVersionDate "2023.10.10"]
[SourceQuality "1"]

1. d4 Nf6 2. c4 c5 3. d5 b5 4. cxb5 a6 5. bxa6 g6 6. Nf3 Bg7 7. g3 0-0 8. Bg2 Nxa6 9. 0-0 Nb4 10. Nc3 Bb7 11. d6 Nfd5 12. dxe7 Qxe7 13. Nxd5 Bxd5 14. a3 Bc6 15. Bf4 Nd5 16. Bg5 f6 17. Nh4 fxg5 18. Bxd5+ Bxd5 19. Qxd5+ Kh8 20. Nf3 Bxb2 21. Ra2 Bxa3 22. Rfa1 c4 23. Qxc4 Rfc8 24. Qd4+ Kg8 25. Qd5+ Kf8 26. Ne5 Ra7 27. Rxa3 Rxa3 28. Rxa3 Rc5 29. Qxc5 Qxc5 30. Nxd7+ 1-0